De Caro Quintero a Ricardo Alem

Kaydedildi:
Detaylı Bibliyografya
Yazar: Loría Quirós, Carlos Roberto
Materyal Türü: Metin
Baskı/Yayın Bilgisi: San José: Magenta
Konular:
Etiketler: Etiketle
Etiket eklenmemiş, İlk siz ekleyin!

MARC

LEADER 00000 a a2200000 04500
001 32665
003
040
020 |a 9977-12-527-9  
090 |a 203400  
100 |a Loría Quirós, Carlos Roberto  
245 |a De Caro Quintero a Ricardo Alem  
260 |a San José:   |b Magenta  
300 |a 274 p.   |b il.  
650 |a CORRUPCION  
650 |a TRAFICO DE DROGAS  
650 |a PARTIDOS POLITICOS  
650 |a LAVADO DE DINERO  
650 |a COSTA RICA  
999 |c 10764  |d 10764